00839nam a2200181Ia 4500003000900000008004100009020001800050040001600068080002300084111010400107245028500211260003700496300002300533650003100556650001600587700002500603700002900628IN-BaIIA211028s9999 xx 000 0 eng d a0-7923-4223-2 cIIA Library a52(082.1)bASS-209 aInternational Astronomical Union Colloquium on Eruptive Solar FlarescJohannesburgd1996 Jan. 22-26 0aNew extragalactic perspectives in the New South Africabproceedings of the international Conference on "Cold Dust & Galaxy Morphology", held in Johannesburg, South Africa, Jan 22-26, 1996cedited by David L Block and J. Mayo Greenberg  aDordrechtbKluwer Academicc1996 a[various pagings.] aExtragalactic perspectives aPerspective aBlock, David L., ed. aGreenberg, J. Mayo., ed.